[Event "HUN-chT9899"]
[Site "HUN"]
[Date "1999.??.??"]
[Round "?"]
[White "Nguyen Anh Dung"]
[Black "Horvath, Gyula"]
[Result "1/2-1/2"]
[WhiteElo "2495"]
[BlackElo "2465"]

1.e4 c5 2.Nf3 e6 3.d4 cxd4 4.Nxd4 Nc6 5.Nc3 Qc7 6.Be2 a6 7.O-O b5 8.Nxc6 Qxc6
9.e5 Bb7 10.Bf3 Qc7 11.Bf4 Ne7 12.Re1 Nf5 13.Ne4 Nh4 14.Bh5 Be7 15.Qd2 O-O
16.Rad1 Rad8 17.Bg5 Bxg5 18.Qxg5 Bxe4 19.Rxe4 Nf5 20.c3 d5 21.exd6 Rxd6 22.Ree1 h6
23.Qc1 Rc8 24.g3 Rxd1 25.Qxd1 Rd8 26.Qe2 Rd6 27.Bg4 Ne7 28.Rd1 Nc6 29.Rxd6 Qxd6
30.Qd1 Qc7 31.Be2 Ne5 32.Qd4 Nd7 33.a4 bxa4 34.Qxa4 a5 35.b4 axb4 36.cxb4 g6
37.Qa5 Nb6 38.Kg2 h5 39.Bf3 Kg7 40.Qc5 Qd8 41.h4 Qb8 42.Qd4+ Kg8 43.b5 Qc7
44.Bc6 Kh7 45.f3 Kg8 46.Kh3 e5 47.Qe3 Kg7 48.g4 hxg4+ 49.fxg4 Nc8 50.h5 Qd6
51.Be4 Nb6 52.Qf3 Qd2 53.hxg6 fxg6 54.Bd3 Nd7 55.Qe4 Qh6+ 56.Kg2 Qg5 57.Be2 Nf6
58.Qb7+ Kh6 59.Qe7 Qe3 60.Qxf6 Qxe2+ 61.Kg3 Qe1+ 62.Qf2 Qc3+ 63.Kg2 Kg5 64.b6 Kxg4
65.Qe2+ Kf4 66.Qf2+ Kg4 67.Qe2+ Kf4  1/2-1/2

[Event "HUN-chT9899"]
[Site "HUN"]
[Date "1999.??.??"]
[Round "?"]
[White "Medvegy, Zoltan"]
[Black "Nemeth, Zoltan"]
[Result "1-0"]
[WhiteElo "2370"]
[BlackElo "2435"]

1.e4 c5 2.Nf3 e6 3.d4 cxd4 4.Nxd4 Nc6 5.Nc3 Qc7 6.Be3 a6 7.Bd3 Nf6 8.O-O Ne5
9.Be2 b5 10.f4 Nc4 11.Bxc4 Qxc4 12.e5 Nd5 13.Nxd5 Qxd5 14.Qe2 Bc5 15.Nb3 Bxe3+
16.Qxe3 Bb7 17.Rf2 Rc8 18.Rd2 Qe4 19.Qf2 Qg6 20.c3 Bd5 21.Re1 h5 22.f5 Qg5
23.h4 Qh6 24.f6 Rg8 25.Rxd5 exd5 26.Qb6 g5 27.e6 fxe6 28.Rxe6+ Kf7 29.Re7+  1-0

[Event "Balaton op"]
[Site "Hungary"]
[Date "1999.??.??"]
[Round "8"]
[White "Nagy, Zoltan"]
[Black "Erdelyi, Zombor"]
[Result "1-0"]
[WhiteElo "2235"]
[BlackElo "2115"]

1.e4 c5 2.Nf3 e6 3.d4 cxd4 4.Nxd4 Nc6 5.Nc3 Qc7 6.Be2 a6 7.O-O Nf6 8.Be3 Bb4
9.Na4 O-O 10.Nxc6 bxc6 11.Nb6 Rb8 12.Nxc8 Rfxc8 13.Bxa6 Rd8 14.Bd3 Bd6 15.Kh1 Be5
16.c3 Rxb2 17.Qc1 Qb7 18.f4 Bc7 19.Bd4 Ne8 20.c4 Rb4 21.Bc3 Ra4 22.Qc2 Rda8
23.e5 g6 24.g4 Ba5 25.Rab1 Qc8 26.Qxa4 Bxc3 27.Qc2 Bd4 28.Be4 f5 29.gxf5 exf5
30.Qd3 Bc5 31.Bg2 Rxa2 32.Ra1 Rb2 33.Rfb1 Qb7 34.Rxb2 Qxb2 35.Rb1 Qa2 36.Rd1 d6
37.Bxc6 Qf2 38.Bxe8 Be3 39.Rf1 Qa2 40.Qxe3  1-0

[Event "Balaton op"]
[Site "Hungary"]
[Date "1999.??.??"]
[Round "8"]
[White "Tornai, Imre"]
[Black "Pasztor, Ferenc"]
[Result "1/2-1/2"]
[WhiteElo "2215"]
[BlackElo "2295"]

1.e4 c5 2.Nf3 Nc6 3.d4 cxd4 4.Nxd4 e6 5.Nc3 Qc7 6.g3 Nf6 7.Bg2 Nxd4 8.Qxd4 Bc5
9.Qd2 O-O 10.O-O Rb8 11.b3 b5 12.Bb2 Ba6 13.Rfe1 Rfc8 14.e5 Ng4 15.Ne4 Bb7
16.Re2 Kh8  1/2-1/2

[Event "Jyvaskyla We JyS"]
[Site "Jyvaskyla"]
[Date "1999.??.??"]
[Round "4"]
[White "Agopov, Mikael"]
[Black "Maki Uuro, Miikka"]
[Result "1/2-1/2"]
[WhiteElo "2398"]
[BlackElo "2355"]

1.e4 c5 2.Nf3 Nc6 3.d4 cxd4 4.Nxd4 e6 5.Nc3 a6 6.Be2 Nge7 7.Nb3 b5 8.Be3 Ng6
9.f4 Be7 10.Bf3 f6 11.O-O O-O 12.Qd2 Rb8 13.Rad1 Na5 14.Nxa5 Qxa5 15.a3 Qc7
16.Bh5 b4 17.axb4 Rxb4 18.b3 Bb7 19.Bf3 Rd8 20.Rf2 Nh4 21.f5 d5 22.exd5 Nxf5
23.Re1 Nxe3 24.Qxe3 Bc5 25.Qxe6+ Qf7 26.Qxf7+ Kxf7 27.Rd1 Rd4 28.Re1 Rd2
29.Re2 Rxe2 30.Bxe2 Bd4 31.Na4 Bxd5 32.Bxa6 Bc6 33.c3 Bxf2+ 34.Kxf2 Bxa4
35.bxa4 Rd2+ 36.Kf3 Ke7 37.Bb5 Ra2 38.c4 Kd6 39.h3 Kc5 40.g3 Kd4 41.h4 Ra3+
42.Kf4 Ra1 43.Kf3 Rf1+ 44.Kg2 Ra1 45.Kf3 g6 46.Kf4 Rf1+ 47.Kg4 h5+ 48.Kh3 g5
49.hxg5 fxg5 50.Be8 Rh1+ 51.Kg2 Ra1 52.Bxh5 Rxa4 53.Bf7 Ke3 54.Kh3 Ra7 55.Bd5 Kd4
56.Kg4 Rg7 57.Kf5 g4 58.Kf6 Ra7 59.Kf5 Rg7 60.Kf6 Rc7 61.Kf5  1/2-1/2

[Event "Kharkov"]
[Site "Kharkov"]
[Date "1999.??.??"]
[Round "7"]
[White "Shovunov, Baatr"]
[Black "Zatonskih, Anna"]
[Result "1/2-1/2"]
[WhiteElo "2452"]
[BlackElo "2326"]

1.e4 c5 2.Nf3 Nc6 3.Nc3 e6 4.d4 cxd4 5.Nxd4 Nf6 6.Ndb5 d6 7.Bf4 e5 8.Bg5 a6
9.Na3 b5 10.Bxf6 gxf6 11.Nd5 f5 12.exf5 Bxf5 13.c3 Bg7 14.Nc2 O-O 15.Nce3 Be6
16.g4 Ne7 17.Bg2 Nxd5 18.Bxd5 Rc8 19.Qf3 Rc5 20.Rd1 Bxd5 21.Rxd5 Qa8 22.O-O f5
23.gxf5 Kh8 24.Rfd1 Bh6 25.Nf1 Rxf5 26.Qxf5 Rxd5 27.Rxd5 Qxd5 28.Qf6+ Bg7
29.Qd8+ Qg8 30.Qxg8+ Kxg8 31.Ne3 Bf6 32.Nd5 Bd8 33.Kg2 Kf7 34.Kf3 Ke6 35.Ke4 a5
36.b3 a4 37.bxa4 bxa4 38.c4 Ba5 39.f3 h6 40.Ne3 Bd2 41.Nd1 Bf4 42.h3 Bd2
43.Nb2 a3 44.Nd3 Bg5 45.Nb4 Bd2 46.Nc6 Bc1 47.Na7 Bb2 48.Nb5 Bc1 49.Kd3 h5
50.Kc2 Be3 51.Kd3 Bc1 52.Ke4 Bb2 53.Nc7+ Kd7 54.Nd5 Kc6 55.Kd3 Kc5 56.Nf6 h4
57.Nd7+ Kc6 58.Nf8 Bc1 59.Kc3 Bg5 60.Kd3 d5 61.Ne6  1/2-1/2

[Event "Lenk op"]
[Site "Lenk"]
[Date "1999.??.??"]
[Round "5"]
[White "Bucher, Denis"]
[Black "Suetin, Alexey S"]
[Result "1/2-1/2"]
[WhiteElo "2249"]
[BlackElo "2391"]

1.e4 c5 2.Nf3 Nc6 3.d4 cxd4 4.Nxd4 e6 5.Nc3 Qc7 6.f4 a6 7.Nxc6 bxc6 8.Bd3 d5
9.O-O Nf6 10.Kh1 Be7 11.Qf3 O-O 12.Qh3 g6 13.e5 Nd7 14.Na4 c5 15.c4 dxc4
16.Bxc4 Nb6 17.Nxb6 Qxb6 18.b3 Bb7 19.Be3 Rfd8 20.Qg3 Kh8 21.Rac1 a5 22.Rc3 Rd7
23.Qf2 a4 24.Rfc1 a3 25.Qe2 Qa5 26.Bb5 Rd5 27.Bc4 Rd7 28.Bb5 Rd5 29.Bc4  1/2-1/2

[Event "Mancha Real-A 2nd"]
[Site "Mancha Real"]
[Date "1999.??.??"]
[Round "3"]
[White "Garcia Martinez, Silvino"]
[Black "Teran Alvarez, Ismael"]
[Result "1/2-1/2"]
[WhiteElo "2445"]
[BlackElo "2415"]

1.e4 c5 2.Nf3 e6 3.d4 cxd4 4.Nxd4 Nc6 5.Nc3 Qc7 6.Be3 a6 7.Bd3 Nf6 8.O-O Ne5
9.h3 Bc5 10.Na4 Ba7 11.c4 d6 12.Rc1 Nxd3 13.Qxd3 Bd7 14.Nc3 O-O 15.b3 Rfc8
16.Rfd1 Ne8 17.Nf3 Bxe3 18.Qxe3 Qb8 19.Ne2 Bc6 20.Ned4 Qa7 21.Qe1 Rc7 22.e5 Bxf3
23.Nxf3 dxe5 24.Nxe5 b5 25.Rc3 Rac8 26.Rcd3 bxc4 27.Nxc4 Qc5 28.Rd8 Rxd8
29.Rxd8 Rc8 30.Qd2 h5 31.Qd7 Rxd8 32.Qxd8 Qc6 33.g3 Kh7 34.Qe7 f6 35.Qf7 Kh6
36.Ne3 Qc1+ 37.Kh2 Qc6 38.Ng2 g5 39.h4 Qc8 40.b4 Qc6 41.a4 Qxa4 42.Qxe6 Kh7
43.Qf7+ Ng7 44.Ne3 Qe8 45.Qxf6 gxh4 46.Qxh4 Qe5 47.Qc4 Qf6 48.Kg1 Qa1+ 49.Kg2 Qf6
50.Nd5 Qf5 51.Nc7 a5 52.b5 Qg6 53.Nd5 Nf5 54.b6 Nd6 55.Qf4 Qe6 56.Qg5 Qg6
57.Nf6+ Kg7 58.Nxh5+ Kh7  1/2-1/2

[Event "Miskolc Avas op"]
[Site "Miskolc"]
[Date "1999.??.??"]
[Round "1"]
[White "Boros, Daniel"]
[Black "Hidegh, Gabor"]
[Result "1-0"]
[WhiteElo "2300"]
[BlackElo "2060"]

1.e4 c5 2.Nc3 Nc6 3.Nge2 e6 4.d4 cxd4 5.Nxd4 Nf6 6.Ndb5 Bb4 7.a3 Bxc3+ 8.Nxc3 d5
9.exd5 Nxd5 10.Nxd5 Qxd5 11.Qxd5 exd5 12.Bf4 Bf5 13.O-O-O Rd8 14.Bd3 Bxd3
15.Rxd3 O-O 16.Rhd1 d4 17.b4 b5 18.Bc7 Rd7 19.Bf4 Rdd8 20.f3 Rfe8 21.Bc7 Rd7
22.Bg3 Rde7 23.Bf2 Re2 24.R1d2 f6 25.Rxe2 Rxe2 26.Rd2 Rxd2 27.Kxd2 Kf7 28.Kd3 Ke6
29.Bxd4 Kd5 30.Bc3 Ne7 31.h4 Nf5 32.h5 h6 33.g4 Nd6 34.Bd4 Nc4 35.Bxa7 Ne5+
36.Ke2 Kc4 37.Bc5 Nd7 38.Kd2 Ne5 39.Ke3 Nd7 40.Ke4 Kc3 41.Kf5 Ne5 42.f4 Nc4
43.Kg6 Nxa3 44.Kxg7  1-0

[Event "Miskolc Avas op"]
[Site "Miskolc"]
[Date "1999.??.??"]
[Round "5"]
[White "Kakuk, Sandor"]
[Black "Meszaros, Andras"]
[Result "0-1"]
[WhiteElo "2215"]
[BlackElo "2335"]

1.e4 c5 2.Nf3 e6 3.d4 cxd4 4.Nxd4 Nc6 5.Nc3 Qc7 6.Be2 Nf6 7.O-O Be7 8.Be3 d6
9.f4 O-O 10.Qe1 e5 11.Nxc6 Qxc6 12.f5 h6 13.Rd1 a6 14.Bf3 b5 15.Qf2 b4 16.Nd5 Nxd5
17.Rxd5 Bb7 18.Rfd1 Rac8 19.Qg3 Kh7 20.f6 gxf6 21.Bg4 Rg8 22.Bf5+ Rg6 23.Qh4 Kg8
24.Bxg6 fxg6 25.Qxh6 Qe8 26.Rxd6 Bxd6 27.Rxd6 Bxe4 28.Rxf6 Rxc2 29.Rf2 Qd8
30.h3 Qd1+ 31.Kh2 Rxf2 32.Bxf2 Qf1 33.Qg5 Qxf2 34.Qd8+ Qf8 35.Qb6 Qf4+ 36.Kg1 Kg7
37.Qxb4 Bd5 38.Qe7+ Bf7 39.Kh1 e4  0-1

[Event "Mondariz-A"]
[Site "Mondariz"]
[Date "1999.??.??"]
[Round "4"]
[White "Lopez Martinez, Jose Manuel"]
[Black "Rivera, Daniel"]
[Result "1-0"]
[WhiteElo "2375"]
[BlackElo "2360"]

1.e4 c5 2.Nc3 Nc6 3.Nf3 e6 4.d4 cxd4 5.Nxd4 Nf6 6.Ndb5 Bb4 7.a3 Bxc3+ 8.Nxc3 d5
9.exd5 exd5 10.Bd3 O-O 11.O-O d4 12.Ne2 Qd5 13.b3 Ne5 14.Bb2 Bg4 15.f3 Nxd3
16.cxd3 Bf5 17.Nxd4 Rfd8 18.Qd2 Rd7 19.Rfe1 Bg6 20.Rac1 Rad8 21.f4 h6 22.h3 Qh5
23.Qe3 Re8 24.Qg3 Rxe1+ 25.Rxe1 Qa5 26.f5 Bh7 27.Re5 Qd2 28.Rd5 Kh8 29.Ne6 fxe6
30.Rxd7  1-0

[Event "CZE-ch op"]
[Site "Plzen"]
[Date "1999.??.??"]
[Round "?"]
[White "Hrbolka, Ladislav Jr"]
[Black "Novak, Pavel"]
[Result "1-0"]
[WhiteElo "2099"]
[BlackElo "2218"]

1.e4 c5 2.Nf3 Nc6 3.d4 cxd4 4.Nxd4 e6 5.Nc3 Qc7 6.Be3 a6 7.Be2 Nf6 8.O-O Bb4
9.f3 O-O 10.Na4 b5 11.Nxc6 Qxc6 12.a3 Be7 13.Nc3 Bb7 14.Bd3 Qc7 15.f4 d5
16.exd5 exd5 17.Ne2 Bc5 18.Bd4 Rfe8 19.Kh1 Ne4 20.c3 Bd6 21.Bc2 Rad8 22.Qd3 Bc8
23.Rae1 Bf5 24.Qd1 Bg4 25.Qd3 Re6 26.Ng3 Rde8 27.Nxe4 dxe4 28.Qg3 h5 29.h3 Rg6
30.hxg4 Rxg4 31.Qh3 Bxf4 32.Qxh5 Rg6 33.Kg1 Rh6 34.Qg4 g5 35.Rxe4 Rxe4 36.Bxe4 Qd6
37.Qc8+  1-0

[Event "Recklinghausen op"]
[Site "Recklinghausen"]
[Date "1999.??.??"]
[Round "6"]
[White "Braslavsky, Aleksandr"]
[Black "Saltaev, Mihail"]
[Result "0-1"]
[WhiteElo "2295"]
[BlackElo "2480"]

1.e4 c5 2.Nf3 e6 3.d4 cxd4 4.Nxd4 Nc6 5.Nc3 d6 6.Be3 Nf6 7.Bc4 a6 8.Qe2 Bd7
9.Bb3 Na5 10.O-O-O b5 11.Bg5 Be7 12.e5 dxe5 13.Nf3 Nxb3+ 14.axb3 b4 15.Nxe5 bxc3
16.Kb1 Nd5 17.Rxd5 exd5 18.Re1 O-O  0-1

[Event "Recklinghausen op"]
[Site "Recklinghausen"]
[Date "1999.??.??"]
[Round "9"]
[White "Galdunts, Sergey"]
[Black "Genkin, Michael"]
[Result "1/2-1/2"]
[WhiteElo "2460"]
[BlackElo "2175"]

1.e4 c5 2.Nc3 e6 3.Nf3 Nc6 4.d4 cxd4 5.Nxd4 d6 6.g3 Nf6 7.Bg2 Bd7 8.O-O a6
9.Be3 Be7 10.f4 Qc7 11.Qe2 Na5 12.Rad1 Nc4 13.Bc1 Rc8 14.Kh1 b5 15.b3 Nb6
16.e5  1/2-1/2

[Event "Rowy op"]
[Site "Rowy"]
[Date "1999.??.??"]
[Round "5"]
[White "Zezulkin, Jurij"]
[Black "Tregubov, Pavel V"]
[Result "0-1"]
[WhiteElo "2570"]
[BlackElo "2573"]

1.e4 c5 2.Nf3 e6 3.d4 cxd4 4.Nxd4 Nc6 5.Nc3 Qc7 6.Be3 a6 7.Bd3 Nf6 8.O-O Bd6
9.f4 Bc5 10.Nf5 Bxe3+ 11.Nxe3 d6 12.Kh1 O-O 13.g4 b5 14.g5 Nd7 15.Qh5 Bb7
16.f5 Nce5 17.f6 Qc5 18.fxg7 Kxg7 19.Ng2 Kh8 20.Rf4 Rg8 21.Rh4 Rg7 22.Rf1 Rf8
23.Rhf4 Nxd3 24.cxd3 Rxg5 25.Qh4 f6 26.Qh3 Rfg8 27.Rh4 R8g7 28.Ne3 Qd4 29.Ng4 f5
30.Qe3 Qxe3 31.Nxe3 Ne5  0-1

[Event "Itau Mercosul Cup 3rd"]
[Site "Sao Paulo"]
[Date "1999.??.??"]
[Round "8"]
[White "Milos, Gilberto"]
[Black "Leitao, Rafael"]
[Result "1/2-1/2"]
[WhiteElo "2586"]
[BlackElo "2574"]

1.e4 c5 2.Nf3 e6 3.d4 cxd4 4.Nxd4 Nc6 5.Nc3 Qc7 6.Be2 a6 7.O-O Nf6 8.Be3 Bb4
9.Na4 Be7 10.Nxc6 bxc6 11.Nb6 Rb8 12.Nxc8 Qxc8 13.e5 Nd5 14.Bc1 Bc5 15.c4 Ne7
16.b3 Qc7 17.Bb2 d6 18.exd6 Bxd6 19.g3 Be5 20.Bxe5 Qxe5  1/2-1/2

[Event "Sevilla op"]
[Site "Sevilla"]
[Date "1999.??.??"]
[Round "5"]
[White "Moreno, Javier"]
[Black "Pogorelov, Ruslan"]
[Result "1-0"]
[WhiteElo "2430"]
[BlackElo "2450"]

1.e4 c5 2.Nf3 e6 3.d4 cxd4 4.Nxd4 Nc6 5.Nc3 d6 6.g4 a6 7.Be3 Nge7 8.g5 b5
9.Bg2 Rb8 10.f4 Qc7 11.Nb3 h6 12.h4 hxg5 13.hxg5 Rxh1+ 14.Bxh1 b4 15.Ne2 a5
16.Qd3 a4 17.Nbd4 Nxd4 18.Nxd4 Bd7 19.Bf3 Nc6 20.g6 Nxd4 21.gxf7+ Kxf7 22.Bxd4 Bb5
23.Qd2 Qc4 24.Kf2 Rc8 25.Rc1 b3 26.axb3 axb3 27.c3 Ra8 28.Be2 Qxe2+ 29.Qxe2 Bxe2
30.Kxe2 d5 31.Kd3 dxe4+ 32.Kxe4 Be7 33.c4 Bf6 34.Bxf6 gxf6 35.Rc3 Rb8 36.Rh3 Ke7
37.Kd4 Kd6 38.Rh6 f5 39.c5+ Kd7 40.Kc4 Rg8 41.Rh7+ Kc6 42.Re7 Rg6 43.Ra7 Rg4
44.Ra6+ Kd7 45.Rd6+ Ke7 46.Rd4 e5 47.fxe5 Ke6 48.c6 Rg8 49.Kc5 Kxe5 50.c7 Rc8
51.Rd7 f4 52.Kc6 f3 53.Kb7 Rf8 54.c8=Q Rxc8 55.Kxc8 Ke4 56.Kc7 f2 57.Rf7 Ke3
58.Kc6  1-0

[Event "St Lorrain Masters"]
[Site "St Lorrain"]
[Date "1999.??.??"]
[Round "4"]
[White "Lanzani, Mario"]
[Black "Carton, Camille"]
[Result "1-0"]
[WhiteElo "2400"]
[BlackElo "2240"]

1.e4 c5 2.Nf3 e6 3.d4 cxd4 4.Nxd4 Nc6 5.Nc3 a6 6.Nxc6 bxc6 7.Bd3 d5 8.O-O g6
9.Qe2 Bg7 10.exd5 cxd5 11.Nxd5 Bb7 12.Nc3 Ne7 13.Be4 Bxe4 14.Nxe4 O-O 15.c3 Qc7
16.Bg5 f5 17.Nd2 e5 18.Qc4+ Qxc4 19.Nxc4 Nc6 20.Rad1 f4 21.f3 h6 22.Bh4 g5
23.Bf2 g4 24.Bh4 gxf3 25.gxf3 Bf6 26.Bxf6 Rxf6 27.Rd7 Re8 28.Nd6 Rd8 29.Rxd8+ Nxd8
30.Rd1 Ne6 31.Ne4 Rg6+ 32.Kf2 Ng5 33.Nxg5 hxg5 34.Re1 Rh6 35.Kg2 Re6 36.b4 Kf7
37.c4 Kf6 38.c5 Kf5 39.h3 Rc6 40.Re2 Rc8 41.Rd2  1-0

[Event "Sundsvall op"]
[Site "Sundsvall"]
[Date "1999.??.??"]
[Round "6"]
[White "Kalac, Rahim"]
[Black "Malmdin, Joakim"]
[Result "1-0"]
[WhiteElo "1690"]
[BlackElo "1935"]

1.Nc3 c5 2.e4 e6 3.Nf3 Nc6 4.d4 cxd4 5.Nxd4 Qc7 6.Ndb5 Qb8 7.Be3 a6 8.Nd4 Qc7
9.Nxc6 Qxc6 10.Bd3 Bb4 11.Bd4 Nf6 12.O-O d6 13.e5 dxe5 14.Bxe5 Nd7 15.Be4 Qc5
16.Bxg7 Rg8 17.Bd4 Qg5 18.Qf3 Bd6 19.g3 f5 20.Bxb7 Bxb7 21.Qxb7 Rd8 22.Rae1 Rg6
23.Qc6 Qe7 24.Nd5 Qf8 25.Nf6+ Ke7 26.Nxd7 Rxd7 27.Rd1 Qd8 28.Bb6 Qb8 29.Bc5 e5
30.Rfe1 Qxb2 31.Rxd6 Rgxd6 32.Rd1 Qb8 33.Qd5 Qc7 34.Qxe5+ Kf7 35.Bxd6 Qxc2
36.Re1 Qxa2 37.Qe8+  1-0

[Event "SWE-chT 9899"]
[Site "Sweden"]
[Date "1999.??.??"]
[Round "8"]
[White "Vujadinovic, Miron"]
[Black "Sjoberg, Mats"]
[Result "1/2-1/2"]
[WhiteElo "2060"]
[BlackElo "2385"]

1.e4 c5 2.Nf3 e6 3.d4 cxd4 4.Nxd4 Nc6 5.Nc3 Qc7 6.Be2 a6 7.O-O b5 8.Be3 Bb7
9.Ndxb5 axb5 10.Nxb5 Qa5 11.c3 Nf6 12.b4 Qd8 13.Bf4 e5 14.Bg5 Be7 15.Bxf6 gxf6
16.a4 Na7 17.f3 O-O 18.Nxa7 Rxa7 19.Qb3 d5 20.exd5 Bxd5 21.c4 Be6 22.a5 Qd2
23.Bd3 Qe3+ 24.Kh1 Bf5 25.Rad1 Rd8 26.Rfe1 Rxd3 27.Rxe3 Rxb3 28.Rxb3 Bc2
29.Rdb1 Rc7 30.c5 Bxb3 31.Rxb3 Bxc5 32.bxc5 Rxc5 33.h4 Rxa5 34.Kh2 Kg7 35.g4 h5
36.Kg3 hxg4 37.Kxg4 Ra4+ 38.Kg3 Kg6 39.Rb8 Ra3 40.Rg8+ Kh7 41.Re8 Ra6 42.Kg4 Ra4+
43.Kg3 Ra1 44.Kg4 Rg1+ 45.Kf5 Rf1 46.Kg4 Kg7 47.Rb8 Rg1+ 48.Kf5 Ra1 49.Rb4 Rg1
50.Rg4+ Rxg4 51.fxg4 Kh6 52.Kxf6 e4 53.g5+ Kh5 54.Kxf7 e3 55.g6  1/2-1/2

[Event "SWE-chT 9899"]
[Site "Sweden"]
[Date "1999.??.??"]
[Round "9"]
[White "Carlsson, Pontus"]
[Black "Degerman, Lars"]
[Result "1/2-1/2"]
[WhiteElo "2301"]
[BlackElo "2523"]

1.e4 c5 2.Nf3 e6 3.d4 cxd4 4.Nxd4 Nc6 5.Nc3 Qc7 6.f4 Nxd4 7.Qxd4 a6 8.Be3 b5
9.O-O-O Bb7 10.Be2 Rc8 11.Rd2 Nf6 12.Bf3 Be7 13.Re1 O-O 14.e5 b4 15.exf6 bxc3
16.Qxc3 Qxc3 17.bxc3 Ba3+ 18.Kd1 Bxf3+ 19.gxf3 Rxc3 20.Rxd7 Rfc8 21.Re2 gxf6
22.f5 e5 23.Rg2+ Kh8 24.Re2 Kg7 25.Rg2+ Kh8 26.Re2 Kg7 27.Rg2+  1/2-1/2

[Event "SWZ-chT"]
[Site "SWZ"]
[Date "1999.??.??"]
[Round "2"]
[White "Guex, Pascal"]
[Black "Kamber, Bruno"]
[Result "0-1"]
[WhiteElo "2238"]
[BlackElo "2356"]

1.e4 c5 2.Nf3 e6 3.d4 cxd4 4.Nxd4 Nc6 5.Nc3 Qc7 6.Be2 Nf6 7.O-O a6 8.Kh1 Bb4
9.Qd3 Qd6 10.Nxc6 bxc6 11.f4 Qxd3 12.cxd3 d6 13.Be3 c5 14.Rac1 Bb7 15.Bf3 Nd7
16.d4 O-O 17.a3 Bxc3 18.Rxc3 cxd4 19.Bxd4 Rfc8 20.Rfc1 e5 21.Be3 Rxc3 22.Rxc3 Nf6
23.Rc4 h6 24.Kg1 Re8 25.Rb4 Bxe4 26.Bxe4 exf4 27.Bxf4 Nxe4 28.Rb6 d5 29.Rxa6 Nc5
30.Rb6 Re1+ 31.Kf2 Nd3+ 32.Kf3  0-1

[Event "SWZ-chT"]
[Site "SWZ"]
[Date "1999.??.??"]
[Round "2"]
[White "Bucher, Denis"]
[Black "Franzoni, Giancarlo"]
[Result "1/2-1/2"]
[WhiteElo "2249"]
[BlackElo "2438"]

1.e4 c5 2.Nf3 e6 3.d4 cxd4 4.Nxd4 Nc6 5.Nc3 Qc7 6.f4 a6 7.Nxc6 bxc6 8.Bd3 d6
9.O-O Nf6 10.Kh1 Be7 11.Qe2 e5 12.Na4 O-O 13.fxe5 dxe5 14.b3 Bg4 15.Qf2 Bh5
16.Bb2 Nd7 17.Qg3 f6 18.Bc4+ Bf7 19.Qd3 Nb6 20.Nxb6 Qxb6 21.Bxf7+ Rxf7 22.Qc4 Qc5
23.Qxc5 Bxc5 24.Rad1 Kf8 25.Rd3 Ke8 26.Rfd1 Rc7 27.Bc3 Raa7 28.Rd8+ Ke7 29.g3 Rd7
30.R8xd7+ Rxd7 31.Rxd7+ Kxd7 32.Kg2 h5 33.h3 Ke6 34.g4 g6 35.Kg3 f5 36.Kf3 Be7
37.a4 Bg5 38.Bb4 fxg4+ 39.hxg4 Bf4 40.gxh5 gxh5 41.Bc5 Bg5 42.b4 Kd7 43.c4 Bd2
44.Kg2 Bg5 45.Kh3 Bf6 46.Bf2 Be7 47.c5 Bg5 48.Be1  1/2-1/2

[Event "SWZ-chT"]
[Site "SWZ"]
[Date "1999.??.??"]
[Round "2"]
[White "Bohnenblust, Simon"]
[Black "Wyss, Thomas"]
[Result "1/2-1/2"]
[WhiteElo "2239"]
[BlackElo "2184"]

1.e4 c5 2.Nf3 e6 3.d4 cxd4 4.Nxd4 Nc6 5.Nc3 Qc7 6.f4 Nxd4 7.Qxd4 a6 8.Be3 b5
9.O-O-O Bb7 10.Be2 Rc8 11.Rd2 Bc5 12.Qxc5 Qxc5 13.Bxc5 Rxc5 14.Rhd1 Bc6 15.Bf3 b4
16.Ne2 Nf6 17.Rd4 a5 18.Kb1 Ke7 19.Nc1 Rb5 20.Nd3 Rd8 21.Ne5 Ba8 22.h4 h6
23.Nc4 g5 24.Nd6 Rbb8 25.hxg5 hxg5 26.fxg5 Nh7 27.e5 Bxf3 28.gxf3 Nxg5 29.f4 Nh7
30.Rh1 Nf8 31.Rh6 Ng6 32.Rh7 Rf8 33.b3 Rb6 34.Nc4 Rb5 35.Ne3 Rh8 36.Rxh8 Nxh8
37.Ng4 Ng6 38.Nf6 Rb7 39.Ng8+ Ke8 40.Nf6+ Ke7 41.Kb2 Nf8 42.Rc4 Kd8 43.a3 Rc7
44.axb4 Rxc4 45.bxc4 axb4 46.Kb3 Ng6 47.Nh5 Kc7 48.Kxb4 d6 49.exd6+ Kxd6
50.c5+ Kc6 51.Kc4 Nf8 52.f5 exf5 53.Kd4 Ng6 54.c3 f4 55.Ke4 Kxc5 56.Nxf4 Nxf4  1/2-1/2

[Event "SWZ-chT"]
[Site "SWZ"]
[Date "1999.??.??"]
[Round "2"]
[White "Lematschko, Tatjana"]
[Black "Salvetti, Alec"]
[Result "0-1"]
[WhiteElo "2318"]
[BlackElo "2280"]

1.e4 c5 2.Nf3 e6 3.Nc3 Nc6 4.d4 cxd4 5.Nxd4 Qc7 6.Be3 a6 7.Be2 Nf6 8.a3 Nxd4
9.Bxd4 Bd6 10.Qd3 b5 11.Rd1 Be5 12.Bxe5 Qxe5 13.Qd6 Qxd6 14.Rxd6 Bb7 15.e5 Ne4
16.Nxe4 Bxe4 17.O-O Ke7 18.c3 Ra7 19.f4 f6 20.Rd4 Bc2 21.c4 bxc4 22.Rxc4 Bb3
23.Rb4 Bd5 24.Ra4 a5 25.b4 Rha8 26.b5 Rc7 27.exf6+ gxf6 28.f5 Rc2 29.Re1 Ra2
30.Rh4 Rxa3 31.Rxh7+ Kd6 32.Rf7 Rb3 33.fxe6 dxe6 34.Rxf6 a4 35.b6 a3 36.b7 Rxb7
37.Bf3 a2 38.Bxd5 a1=Q 39.Bxb7 Qxe1+ 40.Rf1 Qe3+ 41.Kh1 Rf8 42.Bf3 e5 43.h4 e4
44.Rd1+ Ke5 45.Bg4 Rf1+  0-1

[Event "SWZ-chT"]
[Site "SWZ"]
[Date "1999.??.??"]
[Round "5"]
[White "Milosevic, Goran"]
[Black "Franzoni, Giancarlo"]
[Result "1/2-1/2"]
[WhiteElo "2355"]
[BlackElo "2438"]

1.e4 c5 2.Nc3 e6 3.Nf3 Nc6 4.d4 cxd4 5.Nxd4 Qc7 6.g3 a6 7.Bg2 Nf6 8.O-O Nxd4
9.Qxd4 Bc5 10.Bf4 d6 11.Qd3 h6 12.Na4 e5 13.Nxc5 exf4 14.Nb3 fxg3 15.hxg3 Bg4
16.Nd4  1/2-1/2

[Event "SWZ-chT"]
[Site "SWZ"]
[Date "1999.??.??"]
[Round "6"]
[White "Franzoni, Giancarlo"]
[Black "Wyss, Thomas"]
[Result "1-0"]
[WhiteElo "2438"]
[BlackElo "2184"]

1.e4 c5 2.Nc3 e6 3.Nf3 Nc6 4.d4 cxd4 5.Nxd4 Qc7 6.Be2 a6 7.O-O Nf6 8.Kh1 Nxd4
9.Qxd4 Bc5 10.Qd3 b5 11.f4 Bb7 12.Bf3 d5 13.exd5 O-O-O 14.f5 Nxd5 15.Nxd5 Bxd5
16.Bxd5 Rxd5 17.Qh3 Qe5 18.Bf4 Qxf5 19.Qc3 Qf6 20.Qa5 e5 21.Bxe5 Qc6 22.Qc3 f6
23.Bf4 Kb7 24.a4 Re8 25.axb5 axb5 26.Rae1 Rxe1 27.Rxe1 Bd6 28.Qe3 Bb4 29.c3 Bc5
30.Qe2 Rd7 31.Qg4 Qd5 32.h3 f5 33.Qe2 Be7 34.Qf2 g5 35.Be5 g4 36.Qxf5 Bh4
37.Rf1 gxh3 38.Qxh3 Bg5 39.Bd4 Rd6 40.Rf5  1-0

[Event "SWZ-chT"]
[Site "SWZ"]
[Date "1999.??.??"]
[Round "8"]
[White "Kaufmann, Werner"]
[Black "Kamber, Bruno"]
[Result "1/2-1/2"]
[WhiteElo "2297"]
[BlackElo "2356"]

1.e4 c5 2.Nf3 e6 3.d4 cxd4 4.Nxd4 Nc6 5.Nc3 Qc7 6.Be3 Nf6 7.Qd2 a6 8.a3 b5
9.Nxc6 dxc6 10.f3 Bb7 11.Rd1 Be7 12.Qf2 O-O 13.Be2 Bd6 14.Bb6 Qb8 15.g3 Rc8
16.Bc5 Be5 17.O-O Qc7 18.Rd3 Nd7 19.f4 Nxc5 20.Qxc5 Bf6 21.Rfd1 Rd8 22.e5 Be7
23.Qe3 Rxd3 24.Rxd3 c5 25.Ne4 c4 26.Rd1 Rd8 27.Rxd8+ Qxd8 28.Bf3 Kf8 29.Kg2 h6
30.h4 Qa8 31.h5 Bd5 32.g4 Qc6 33.c3 Qd7 34.Kg3 Qd8 35.Qa7 Bh4+ 36.Kh3 Be1
37.Qe3 Bxe4 38.Bxe4 Bd2 39.Qf2 Bc1 40.Kg3 Kg8 41.Kf3 Qd1+ 42.Kg3 Bd2 43.Qd4 Qe1+
44.Kg2 Qe2+ 45.Kg3 Qe1+ 46.Kg2 Qe2+ 47.Kg3 Qe1+  1/2-1/2

[Event "SWZ-chT"]
[Site "SWZ"]
[Date "1999.??.??"]
[Round "9"]
[White "Hund, Barbara"]
[Black "Rufener, Markus"]
[Result "1-0"]
[WhiteElo "2285"]
[BlackElo "2118"]

1.e4 c5 2.Nf3 e6 3.d4 cxd4 4.Nxd4 Nc6 5.Nc3 a6 6.Be2 Qc7 7.f4 b5 8.Nxc6 Qxc6
9.Bf3 Bb7 10.e5 Qc7 11.Ne4 Nh6 12.Be3 Be7 13.O-O O-O 14.c3 f5 15.exf6 gxf6
16.Ng3 Bc5 17.Bd4 Bxf3 18.Rxf3 e5 19.Bxc5 Qxc5+ 20.Kh1 d5 21.Rd3 Rad8 22.Qh5 Qc4
23.Rad1 Nf7 24.fxe5 fxe5 25.Nf5  1-0

[Event "Tampere op"]
[Site "Tampere"]
[Date "1999.??.??"]
[Round "1"]
[White "Sorsa, Nuutti"]
[Black "Rytshagov, Mikhail"]
[Result "0-1"]
[WhiteElo "2226"]
[BlackElo "2533"]

1.e4 c5 2.Nf3 e6 3.d4 cxd4 4.Nxd4 Nc6 5.Nc3 Qc7 6.Be2 a6 7.O-O Nf6 8.Kh1 Be7
9.f4 d6 10.a4 O-O 11.Be3 Re8 12.Bd3 Nb4 13.a5 Bd7 14.Nf3 Rac8 15.Bb6 Qb8
16.e5 Nfd5 17.Nxd5 exd5 18.Re1 Bg4 19.c3 dxe5 20.fxe5 Nxd3 21.Qxd3 Be6 22.Rf1 Rc4
23.Rac1 Rf4 24.Nd4 Rxf1+ 25.Qxf1 Qc8 26.Qf4 Qd7 27.Rf1 Bf8 28.Nf3 h6 29.b4 Rc8
30.Bd4 Be7 31.h3 Qb5 32.Kg1 Qd3 33.Qd2 Qg6 34.Kh1 Bxb4 35.Qb2 Qd3 36.Rc1 Bxa5
37.Qxb7 Bd8 38.Qb3 Bxh3 39.Qxd5 Be6 40.Qd6 Bc7 41.Qc5 a5 42.Ra1 a4 43.Kg1 Qa6
44.Qb4 Ra8 45.Ra3 Qc6 46.c4 Bd8 47.c5 Bb3 48.Qc3 Ba5 49.Qe3 Bb4 50.Ra1 Rd8
51.Rc1 Bd5 52.Kf2 a3 53.Rc2 a2 54.Rc1 Ra8 55.Bb2  0-1

[Event "RUS-Cup"]
[Site "Tula "]
[Date "1999.??.??"]
[Round "8"]
[White "Naer, Eugeni"]
[Black "Vaulin, Alexander"]
[Result "1/2-1/2"]
[WhiteElo "2455"]
[BlackElo "2547"]

1.e4 c5 2.Nc3 Nc6 3.Nge2 e6 4.d4 cxd4 5.Nxd4 Qc7 6.Be2 Nf6 7.Be3 d6 8.g4 a6
9.g5 Nd7 10.f4 b5 11.f5 Nde5 12.O-O Bd7 13.Bd3 g6 14.Nxc6 Bxc6 15.fxe6 fxe6
16.Ne2 Bg7 17.Nd4 Bd7 18.Qe2 h5 19.gxh6 Bxh6 20.Bxh6 Rxh6 21.Qe3 Rh7 22.Nf3 Rh3
23.Kg2 Rxf3 24.Rxf3 Nxf3 25.Qxf3 O-O-O 26.a4 bxa4 27.Bxa6+ Kb8 28.Bd3 Qa5
29.Qf6 Re8 30.Qd4 Qg5+ 31.Kh1 Qc5 32.Qf6 Bc6 33.Ra3 Qe3 34.Qxg6 Rf8 35.Ra1 Rf4
36.Qg3 Bxe4+ 37.Bxe4 Qxe4+ 38.Qg2 Qxg2+ 39.Kxg2 Rb4 40.Kg3 Rxb2 41.h4 Rxc2
42.h5 Rc8 43.Rxa4 Rh8 44.Kg4 Kc7 45.Kg5 Kc6  1/2-1/2

[Event "Mislata op8th"]
[Site "Valencia"]
[Date "1999.??.??"]
[Round "5"]
[White "Pavia Miralles, Jose Manuel"]
[Black "Cramling, Pia"]
[Result "1/2-1/2"]
[WhiteElo "2313"]
[BlackElo "2504"]

1.e4 c5 2.Nf3 e6 3.d4 cxd4 4.Nxd4 Nc6 5.Nc3 Qc7 6.g3 a6 7.Bg2 d6 8.O-O Nf6
9.Be3 Be7 10.Qe2 Bd7 11.a4 Ne5 12.Rad1 Rb8 13.f4 Nc4 14.Bc1 O-O 15.b3 Na5
16.Rd3 Nc6 17.Nxc6 Bxc6 18.g4 Nd7 19.g5 Rfe8 20.Rh3 d5 21.Qh5 Nf8 22.f5 exf5
23.exf5 Bc5+ 24.Kh1 d4 25.Ne4 Qe5 26.Bf4 Qxf5 27.Bg3 Qe6 28.Bxb8  1/2-1/2